[Event "IMSA Blitz Women 2019"]
[Site "Hengshui"]
[Date "2019.05.18"]
[Round "9.2"]
[White "Muzychuk, Mariya"]
[Black "Stefanova, Antoaneta"]
[Result "1-0"]
[WhiteElo "2563"]
[BlackElo "2470"]
[Annotator "TA"]
[PlyCount "73"]
[EventDate "2019.05.17"]
[EventType "blitz"]
[EventCountry "CHN"]
[SourceTitle "playchess.com"]
[Source "ChessBase"]
[SourceQuality "1"]

{[%evp 15,72,0,7,27,72,-4,19,17,6,13,14,4,19,12,4,19,50,39,61,16,71,66,61,77,130,56,66,51,113,110,105,64,90,55,76,77,105,105,135,139,134,135,113,92,274,232,359,342,465,462,605,375,600,419,491,388,643,651,29999]} 1. e4 e5 2. Nf3 Nc6 3. d4 exd4 4. Nxd4 Qf6 5. Be3 Bc5 6. c3 Nge7 7. Bc4 b6 8. O-O Bb7 9. f4 {C45: Scotch Game} O-O {[#]} 10. e5 (10. Qd2 $1 $16) (10. Qd2 Bxd4 11. cxd4 d5 12. e5 Qe6 13. Be2 Nf5 14. Nc3 Na5 15. b3 c5 16. Nb5 Qc6 {½-½ (41) Muzychuk,M (2520)-Bologan,V (2608) Caleta 2015}) 10... Qh6 11. Qd2 $1 {The position is equal.} Bxd4 12. cxd4 Nf5 $1 13. Nc3 Nce7 14. d5 $146 {[%mdl 2048] White is pushing.} ({Predecessor:} 14. Bd3 f6 15. g4 Nxe3 16. Qxe3 fxe5 17. dxe5 {1-0 (54) Chibnall,A (1842)-Milligan,H (2062) Auckland 2017}) 14... d6 15. Rae1 {[%cal Ba1e1,Be1e3,Be3d3][%mdl 32]} Nxe3 16. Rxe3 dxe5 17. fxe5 Rad8 (17... b5 $11 18. Bb3 (18. Nxb5 Bxd5 19. Bxd5 Nxd5 $11) (18. Bxb5 Nxd5 19. Nxd5 Bxd5 $11) 18... b4) 18. Rd3 $16 Qxd2 19. Rxd2 Ng6 {[#]} ({Black should try} 19... g6) 20. Re1 ({White should play} 20. e6 $1 $16) 20... Rfe8 $14 21. e6 $1 {[%cal Re6f7] And now exf7+ would win.} fxe6 (21... Kf8 $14) 22. Rxe6 $16 Kh8 {Threatens to win with ...Rxe6.} ({Don't blunder} 22... Rxe6 $2 23. dxe6 Bd5 24. Nxd5 $18) 23. Rde2 Rxe6 24. Rxe6 a6 25. a4 Nf4 26. Re7 {aiming for d6.} h5 {[%cal Rf4d5]} 27. Rxc7 Bxd5 28. Nxd5 Nxd5 {[%mdl 4096] Endgame KRB-KRN} 29. Rc6 Nf4 $2 (29... b5 $16 {was worth a try.}) 30. Rxb6 $18 Rd1+ (30... Rd2 $142 31. g3 (31. Rxa6 Rxg2+ 32. Kf1 Rxb2 $16) 31... Nd3 32. Bxa6 Nxb2) 31. Kf2 a5 32. g3 Nh3+ 33. Ke3 Rh1 (33... Re1+ $142 34. Kf3 Ng5+ 35. Kg2 Rc1) 34. Rb8+ Kh7 35. Bd3+ Kh6 $2 (35... g6 36. Rb7+ Kh6) 36. Rb6+ Kg5 37. Rg6# {Accuracy: White = 73%, Black = 25%.} 1-0

[Event "IMSA Blitz Women 2019"]
[Site "Hengshui"]
[Date "2019.05.18"]
[Round "9.2"]
[White "Kosteniuk, Alexandra"]
[Black "Paehtz, Elisabeth"]
[Result "1-0"]
[WhiteElo "2546"]
[BlackElo "2470"]
[Annotator "TA"]
[PlyCount "229"]
[EventDate "2019.05.17"]
[EventType "blitz"]
[EventCountry "CHN"]
[SourceTitle "playchess.com"]
[Source "ChessBase"]
[SourceQuality "1"]

{[%evp 16,229,10,20,11,0,25,22,18,9,33,15,43,0,19,0,25,-27,50,0,9,0,16,19,31,20,10,15,51,49,76,36,33,26,54,0,0,0,0,-58,-60,-50,-44,-65,-14,-60,16,0,32,39,30,31,83,87,80,109,83,82,91,90,146,137,149,60,120,77,91,54,77,85,84,84,84,81,88,83,80,8,9,0,0,0,14,-3,8,2,80,8,23,0,0,0,0,0,47,15,15,-50,-50,-216,-8,-22,-8,-93,-15,-51,8,-61,-8,-8,0,-8,0,-8,43,-22,0,0,0,0,51,0,0,0,168,44,142,142,567,417,389,366,420,418,396,327,327,321,323,323,323,320,314,314,306,306,320,279,29962,29965,29971,29971,29971,29972,29970,29972,29974,29973,29973,29974,29974,29975,29984,29977,29976,29976,29976,29977,29977,29976,29978,29977,29977,29978,29978,29979,29979,29980,29980,29979,29981,29980,29982,29971,29983,29984,29984,29985,29985,29986,29987,29988,29988,29989,29989,29990,29990,29990,29991,29992,29992,29992,29992,29992,29993,29994,29994,29995,29995,29996,29996,29997,29997,29998,29998,29999]} 1. e4 c5 2. Nf3 d6 3. d4 cxd4 4. Nxd4 Nf6 5. Nc3 a6 6. Be2 e5 7. Nb3 Be7 8. O-O O-O 9. Re1 Be6 {B92: Sicilian Najdorf: 6 Be2} 10. Bf3 Nbd7 11. a4 Qc7 {The position is equal.} (11... Qb8 12. a5 Rc8 13. h3 h6 14. Nd5 Nxd5 15. exd5 Bf5 16. c3 Nf6 17. Ra4 {0-1 (96) Vovk,Y (2579)-Wojtaszek,R (2724) Katowice 2019}) 12. a5 Rac8 13. Be3 Rfd8 14. Qd2 Bf8 $146 ({Predecessor:} 14... h6 15. g3 b5 16. axb6 Nxb6 17. Bxb6 Qxb6 18. Nd5 Nxd5 19. exd5 Bd7 20. Be2 {½-½ (69) Oral,T (2489)-Pulpan,J (2300) Czechia 2015}) 15. h3 Re8 16. Nc1 (16. Qd1 $142) 16... Nc5 (16... b5 $11) 17. Bg5 Ncd7 18. Nd3 Qc4 19. Ra4 Qc7 20. Nb4 h6 21. Be3 Nc5 22. Raa1 Qb8 23. g4 Ncd7 24. Bg2 Rc4 25. Nd3 (25. Nbd5 $14) 25... Rec8 $11 26. Rec1 Qc7 27. Ra4 (27. Rf1 $11) 27... Rxa4 $15 28. Nxa4 d5 {And now ...d4 would win.} 29. exd5 Nxd5 (29... Bxd5 $15 30. Nb6 Bxg2 31. Kxg2 Qc6+ 32. Kg1 Nxb6 33. Bxb6 Nd7) 30. b4 {[#]} N7f6 (30... Nxb4 $1 $15 {[%mdl 512]} 31. Nb6 (31. Nxb4 Qxa5) 31... Nxd3 32. Qxd3 Re8) 31. Nac5 Bd7 32. c4 Nxe3 33. Qxe3 Bxc5 (33... Re8 $14) 34. Qxc5 $16 e4 35. Qxc7 Rxc7 36. Nc5 Bc6 37. Rd1 Rc8 (37... g5 $142) 38. Rd4 Re8 39. Rd6 (39. Kf1 $16) 39... Rc8 (39... Kf8 $1 $14) 40. Bf1 Kf8 41. Be2 Ke7 42. Rd4 Rd8 43. Rxd8 Kxd8 {[%mdl 4096] Endgame KBN-KBN} 44. b5 axb5 45. cxb5 Bd5 46. b6 (46. Na4 $16) 46... Nd7 $11 47. Na4 Bc6 48. Nc3 g6 49. Bb5 Nb8 50. Bc4 f5 (50... Ke7 $11 {remains equal.}) 51. Bf7 (51. gxf5 $16 gxf5 52. Kh2) 51... Be8 52. Bd5 Bc6 53. Kg2 Ke7 54. Kg3 Kd6 55. Bf7 fxg4 $1 56. hxg4 (56. Kxg4 $11 Bd7+ 57. Kg3) 56... g5 $15 57. Bc4 $2 (57. Bg6 $15) 57... Ke5 $2 ({Black should try} 57... Kc5 $1 $19 {[%cal Rc5c4]} 58. Ba2 Kb4 {[%mdl 64] Double Attack} 59. Nd5+ Kxa5) 58. Ne2 Nd7 59. Bf7 (59. Bb3 $11) 59... Nc5 (59... Kd6 $1 $17) 60. Nc3 Nd3 (60... Na6 $15) 61. Nd1 (61. Be8 $11 Nb4 62. Na2 Bxe8 63. Nxb4) 61... Nf4 ({Better is} 61... Kd4 $15) 62. Ne3 $11 Ne2+ 63. Kg2 Nf4+ 64. Kf1 Bb5+ (64... Kd6 $11) 65. Kg1 (65. Bc4 $14 Bc6 66. a6 bxa6 67. Bxa6) 65... Ne2+ 66. Kg2 Nf4+ 67. Kh2 Bc6 (67... Nd3 $11) 68. Bc4 (68. Nf5 $14) 68... Nd3 69. Kg3 Nb2 $2 {[#]} (69... Nc5 $11) 70. a6 ({Only move:} 70. Bd5 $1 $18 {[%cal Rd5c6][%mdl 512]} Kd6 (70... Bxd5 71. a6) 71. a6 bxa6 72. b7 {[%mdl 64] X-Ray Attack} Bxb7 73. Bxb7) 70... bxa6 ({Black should play} 70... Na4 $14) 71. Bxa6 $16 {Strongly threatening b7.} Na4 $2 {[%mdl 8192]} (71... Kd6 $16 {is tougher.} 72. Bc8 Nd3 73. Nf5+ {[%mdl 64] Double Attack} Ke5) 72. b7 Bxb7 73. Bxb7 Nc5 74. Bc6 Ne6 75. Ba4 Nf4 76. Bd7 h5 77. gxh5 Nxh5+ 78. Kg2 Nf4+ 79. Kf1 Nd3 80. Bg4 Kf4 81. Be2 Nxf2 $2 (81... Nb4 $18 82. Bb5 Nd3) 82. Kxf2 {White mates.} g4 83. Bxg4 Ke5 84. Kg3 Kd4 85. Kf4 Kd3 86. Bf5 Kd4 87. Bxe4 Kc5 88. Ke5 Kb6 89. Kd6 Kb5 90. Kd5 Kb4 91. Nd1 Kb3 92. Kc5 Ka3 93. Kc4 Ka2 94. Kc3 Ka1 95. Nb2 Ka2 96. Nc4 Ka1 97. Nd2 Ka2 98. Nb3 Ka3 99. Bb1 Ka4 100. Nd4 Ka5 101. Kc4 Kb6 102. Nb5 Kc6 103. Bf5 Kb6 104. Be4 Ka5 105. Kc5 Ka4 106. Bc2+ Ka5 107. Nd6 Ka6 108. Bd1 Ka5 109. Nb7+ Ka6 110. Kc6 Ka7 111. Kc7 Ka6 112. Be2+ Ka7 113. Nd6 Ka8 114. Bd3 Ka7 115. Nc8+ {Accuracy: White = 33%, Black = 29%.} 1-0

[Event "IMSA Blitz Women 2019"]
[Site "Hengshui"]
[Date "2019.05.18"]
[Round "9.2"]
[White "Dzagnidze, Nana"]
[Black "Bodnaruk, Anastasia"]
[Result "1-0"]
[WhiteElo "2510"]
[BlackElo "2431"]
[Annotator "RC"]
[PlyCount "71"]
[EventDate "2019.05.17"]
[EventType "blitz"]
[EventCountry "CHN"]
[SourceTitle "playchess.com"]
[Source "ChessBase"]
[SourceQuality "1"]
[TimeControl "180+2"]

1. d4 {[%emt 0:00:00]} Nf6 {[%emt 0:00:00]} 2. c4 {[%emt 0:00:01]} g6 {[%emt 0:00:00]} 3. Nf3 {[%emt 0:00:02]} Bg7 {[%emt 0:00:00]} 4. g3 {[%emt 0:00:02]} O-O {[%emt 0:00:02]} 5. Bg2 {[%emt 0:00:01]} d6 {[%emt 0:00:01]} 6. Nc3 {[%emt 0:00:02]} Nc6 {[%emt 0:00:02]} 7. O-O {[%emt 0:00:03]} a6 {[%emt 0:00:01]} 8. Bf4 {[%emt 0:00:12]} Rb8 {[%emt 0:00:03]} 9. Rc1 {[%emt 0:00:04]} Bd7 {[%emt 0:00:03]} 10. b3 {[%emt 0:00:05]} b5 {[%emt 0:00:09]} 11. Nd5 {[%emt 0:00:06]} Nxd5 {[%emt 0:00:35]} 12. cxd5 {[%emt 0:00:02]} Nb4 {[%emt 0:00:01]} 13. e4 {[%emt 0:00:07]} Nxa2 {[%emt 0:00:04]} 14. Ra1 {[%emt 0:00:04]} Nc3 {[%emt 0:00:13]} 15. Qc2 {[%emt 0:00:02]} b4 {[%emt 0:00:01]} 16. Rfe1 {[%emt 0:00:03]} Bb5 {[%emt 0:00:12]} 17. Bd2 {[%emt 0:00:10]} Ne2+ {[%emt 0:00:12]} 18. Kh1 {[%emt 0:00:10]} Nxd4 {[%emt 0:00:04]} 19. Nxd4 {[%emt 0:00:02]} Bxd4 {[%emt 0:00:00]} 20. Rac1 {[%emt 0:00:00]} Bxf2 {[%emt 0:00:17]} 21. Red1 {[%emt 0:00:08]} Bc5 {[%emt 0:00:26]} 22. Bh6 {[%emt 0:00:07]} Re8 {[%emt 0:00:03]} 23. Qb2 {[%emt 0:00:06]} f6 {[%emt 0:00:01]} 24. e5 {[%emt 0:00:06]} fxe5 {[%emt 0:00:22]} 25. Rxc5 {[%emt 0:00:02]} Qd7 {[%emt 0:00:11]} 26. Rc2 {[%emt 0:00:14]} Qf5 {[%emt 0:00:09]} 27. Rf2 {[%emt 0:00:29]} Qh5 {[%emt 0:00:12]} 28. Qd2 {[%emt 0:00:01]} Kh8 {[%emt 0:00:10]} 29. h4 {[%emt 0:00:17]} Rg8 {[%emt 0:00:05]} 30. Kh2 {[%emt 0:00:10]} g5 {[%emt 0:00:09]} 31. Bxg5 {[%emt 0:00:12]} Rxg5 {[%emt 0:00:01]} 32. Qxg5 {[%emt 0:00:02]} Qxd1 {[%emt 0:00:02]} 33. Rf7 {[%emt 0:00:11]} Rg8 {[%emt 0:00:03]} 34. Rxh7+ {[%emt 0:00:03]} Kxh7 {[%emt 0:00:03]} 35. Be4+ {[%emt 0:00:01]} Kh8 {[%emt 0:00:08]} 36. Qh6# {[%emt 0:00:01]} 1-0

[Event "IMSA Blitz Women 2019"]
[Site "Hengshui"]
[Date "2019.05.18"]
[Round "9.2"]
[White "Lei, Tingjie"]
[Black "Gunina, Valentina"]
[Result "1-0"]
[WhiteElo "2507"]
[BlackElo "2506"]
[Annotator "RC"]
[PlyCount "81"]
[EventDate "2019.05.17"]
[EventType "blitz"]
[EventCountry "CHN"]
[SourceTitle "playchess.com"]
[Source "ChessBase"]
[SourceQuality "1"]
[TimeControl "180+2"]

1. e4 {[%emt 0:00:00]} c6 {[%emt 0:00:00]} 2. d4 {[%emt 0:00:03]} d5 {[%emt 0:00:00]} 3. e5 {[%emt 0:00:03]} Bf5 {[%emt 0:00:01]} 4. Nf3 {[%emt 0:00:01]} e6 {[%emt 0:00:01]} 5. Be2 {[%emt 0:00:02]} Nd7 {[%emt 0:00:02]} 6. O-O {[%emt 0:00:01]} h6 {[%emt 0:00:01]} 7. Nbd2 {[%emt 0:00:03]} Ne7 {[%emt 0:00:01]} 8. Re1 {[%emt 0:00:03]} Qc7 {[%emt 0:00:07]} 9. c3 {[%emt 0:00:07]} g5 {[%emt 0:00:08]} 10. Nf1 {[%emt 0:00:02]} Bg7 {[%emt 0:00:03]} 11. Ng3 {[%emt 0:00:06]} Bg6 {[%emt 0:00:01]} 12. a4 {[%emt 0:00:09]} O-O {[%emt 0:00:12]} 13. Bd3 {[%emt 0:00:12]} c5 {[%emt 0:00:01]} 14. h4 {[%emt 0:00:03]} g4 {[%emt 0:00:11]} 15. Nh2 {[%emt 0:00:02]} h5 {[%emt 0:00:06]} 16. f3 {[%emt 0:00:02]} f5 {[%emt 0:00:10]} 17. fxg4 {[%emt 0:00:48]} hxg4 {[%emt 0:00:26]} 18. h5 {[%emt 0:00:09]} Bh7 {[%emt 0:00:01]} 19. h6 {[%emt 0:00:02]} Bh8 {[%emt 0:00:02]} 20. Nxg4 {[%emt 0:00:02]} cxd4 {[%emt 0:00:07]} 21. cxd4 {[%emt 0:00:04]} Ng6 {[%emt 0:00:09]} 22. Nf2 {[%emt 0:00:06]} Qb6 {[%emt 0:00:36]} 23. Be3 {[%emt 0:00:34]} Qd8 {[%emt 0:00:53]} 24. Qh5 {[%emt 0:00:09]} Qe8 {[%emt 0:00:03]} 25. Qg5 {[%emt 0:00:14]} Qe7 {[%emt 0:00:12]} 26. Nh5 {[%emt 0:00:03]} Qxg5 {[%emt 0:00:06]} 27. Bxg5 {[%emt 0:00:01]} Kf7 {[%emt 0:00:01]} 28. Bb5 {[%emt 0:00:07]} Nb6 {[%emt 0:00:02]} 29. a5 {[%emt 0:00:01]} Nc4 {[%emt 0:00:01]} 30. b3 {[%emt 0:00:01]} Rg8 {[%emt 0:00:02]} 31. bxc4 {[%emt 0:00:02]} Nxe5 {[%emt 0:00:02]} 32. dxe5 {[%emt 0:00:02]} Rxg5 {[%emt 0:00:01]} 33. Nf4 {[%emt 0:00:01]} d4 {[%emt 0:00:02]} 34. Red1 {[%emt 0:00:02]} Rd8 {[%emt 0:00:01]} 35. N2d3 {[%emt 0:00:01]} Rg4 {[%emt 0:00:08]} 36. c5 {[%emt 0:00:01]} Rh4 {[%emt 0:00:04]} 37. Bc4 {[%emt 0:00:01]} Rxh6 {[%emt 0:00:04]} 38. Rab1 {[%emt 0:00:01]} Rd7 {[%emt 0:00:01]} 39. a6 {[%emt 0:00:01]} bxa6 40. c6 {[%emt 0:00:01]} Rc7 {[%emt 0:00:02]} 41. Rb7 {[%emt 0:00:01]} 1-0

[Event "IMSA Blitz Women 2019"]
[Site "Hengshui"]
[Date "2019.05.18"]
[Round "9.2"]
[White "Harika, Dronavalli"]
[Black "Tan, Zhongyi"]
[Result "0-1"]
[WhiteElo "2492"]
[BlackElo "2513"]
[Annotator "RC"]
[PlyCount "60"]
[EventDate "2019.05.17"]
[EventType "blitz"]
[EventCountry "CHN"]
[SourceTitle "playchess.com"]
[Source "ChessBase"]
[SourceQuality "1"]
[TimeControl "180+2"]

1. e4 {[%emt 0:00:00]} e5 {[%emt 0:00:00]} 2. Nf3 {[%emt 0:00:00]} Nc6 {[%emt 0:00:00]} 3. Bc4 {[%emt 0:00:01]} Nf6 {[%emt 0:00:01]} 4. d4 {[%emt 0:00:01]} exd4 {[%emt 0:00:02]} 5. e5 {[%emt 0:00:00]} Ne4 {[%emt 0:00:01]} 6. Qe2 {[%emt 0:00:02]} Nc5 {[%emt 0:00:03]} 7. O-O {[%emt 0:00:01]} Ne6 {[%emt 0:00:01]} 8. c3 {[%emt 0:00:06]} d5 {[%emt 0:00:07]} 9. exd6 {[%emt 0:00:05]} Bxd6 {[%emt 0:00:03]} 10. cxd4 {[%emt 0:00:02]} O-O {[%emt 0:00:03]} 11. d5 {[%emt 0:00:13]} Ned4 {[%emt 0:00:06]} 12. Nxd4 {[%emt 0:00:02]} Nxd4 {[%emt 0:00:02]} 13. Qe4 {[%emt 0:00:55]} c5 {[%emt 0:00:06]} 14. dxc6 {[%emt 0:00:05]} Bf5 {[%emt 0:00:05]} 15. Qe3 {[%emt 0:00:30]} Nc2 {[%emt 0:00:08]} 16. Qf3 {[%emt 0:00:01]} Bg6 {[%emt 0:00:09]} 17. cxb7 {[%emt 0:00:02]} Rb8 {[%emt 0:00:00]} 18. Nc3 {[%emt 0:00:06]} Qh4 {[%emt 0:00:07]} 19. Bf4 {[%emt 0:00:10]} Bxf4 {[%emt 0:00:23]} 20. g3 {[%emt 0:00:11]} Bxg3 {[%emt 0:00:15]} 21. hxg3 {[%emt 0:00:05]} Qxc4 {[%emt 0:00:02]} 22. Rad1 {[%emt 0:00:02]} Qc7 {[%emt 0:00:08]} 23. Nd5 {[%emt 0:00:26]} Qxb7 {[%emt 0:00:01]} 24. Rd2 {[%emt 0:00:01]} Rfe8 {[%emt 0:00:09]} 25. b3 {[%emt 0:00:17]} Be4 {[%emt 0:00:07]} 26. Qh5 {[%emt 0:00:01]} Bxd5 {[%emt 0:00:03]} 27. Rxd5 {[%emt 0:00:05]} g6 {[%emt 0:00:06]} 28. Qg5 {[%emt 0:00:02]} Nb4 {[%emt 0:00:07]} 29. Rd4 {[%emt 0:00:01]} Nc6 {[%emt 0:00:03]} 30. Rh4 {[%emt 0:00:01]} Ne5 {[%emt 0:00:01]} 0-1

[Event "IMSA Blitz Women 2019"]
[Site "Hengshui"]
[Date "2019.05.18"]
[Round "9.2"]
[White "Abdumalik, Zhansaya"]
[Black "Koneru, Humpy"]
[Result "1-0"]
[WhiteElo "2464"]
[BlackElo "2553"]
[Annotator "TA"]
[PlyCount "55"]
[EventDate "2019.05.17"]
[EventType "blitz"]
[EventCountry "CHN"]
[SourceTitle "playchess.com"]
[Source "ChessBase"]
[SourceQuality "1"]

{[%evp 13,55,15,10,0,18,7,16,23,29,2,8,10,23,0,0,-58,0,-47,0,0,290,272,310,126,351,104,100,113,449,433,536,531,471,150,1352,1339,29989,1155,905,734,29992,29993,29999,868]} 1. e4 e5 2. Nf3 Nf6 3. Nxe5 d6 4. Nf3 Nxe4 5. Nc3 Nxc3 6. dxc3 Be7 7. Be3 O-O 8. Qd2 {C42: Petroff Defence: 3 Nxe5 and unusual White 3rd moves} Nd7 9. O-O-O c6 (9... Nf6 10. Bd3 c5 11. Rhe1 Be6 12. Bg5 d5 13. Qf4 Re8 14. Re5 Qc7 15. Qh4 h6 16. Bxh6 {½-½ (100) Navara,D (2739)-Gelfand,B (2655) Prague 2019}) 10. Kb1 {The position is equal.} Re8 11. h4 d5 12. Bd3 Bc5 13. Bf4 $36 {[%mdl 2048] White is more active.} Nf6 {[#]} 14. c4 $146 (14. Rde1 $11) ({Predecessor:} 14. Rde1 Ne4 15. Bxe4 dxe4 16. Rxe4 {1-0 (57) Praggnanandhaa,R (2532)-Ju,W (2580) Prague 2019}) 14... Qb6 (14... Bg4 $15) 15. h5 (15. Be5 $5 {[%cal Re5f6]} Ng4 {[%mdl 64] Double Attack} 16. Bd4 $11) 15... dxc4 16. Bxc4 {[#] Black must now prevent Ng5.} Ne4 $2 {[%mdl 8192]} (16... Be6 $11 17. Bxe6 Rxe6) 17. Qd3 $18 Bf5 18. Ng5 (18. Ne5 $18 {is the precise move to win.} Rad8 19. Bxf7+ {[%mdl 64] Double Attack} Kf8 20. Qf3) 18... Re7 $2 (18... Red8 $16 19. Bxf7+ Kh8) 19. g4 $2 (19. Nxf7 $18 Rxf7 20. g4) 19... Rd7 $16 20. Bxf7+ Kf8 $2 {[%mdl 8192] [#]} (20... Kh8 $16 {is tougher.} 21. Qf3 Nxg5 22. Bxg5 Rxf7 23. gxf5 h6) 21. Nxh7+ $1 $18 {[%mdl 512]} Kxf7 (21... Bxh7 22. Qxd7) 22. Qc4+ Rd5 23. gxf5 $2 (23. Rxd5 $18 {White wants to mate with Re5+.} cxd5 24. Qxd5+ {[%mdl 64] Double Attack} Qe6 25. Qxb7+ (25. Qxf5+ Qxf5 26. gxf5 Nxf2 $16) 25... Qe7 26. Qxa8 Bxh7 27. f3) 23... Nf6 $2 (23... Bd4 $16 24. Ng5+ Kg8 25. Rxd4 Qxd4 26. Qxd4 Rxd4) 24. Nxf6 Kxf6 25. Rxd5 (25. Qe4 $142 Kf7 26. Qe6+ Kf8 27. f6 Qxb2+ 28. Kxb2 Ba3+ {[%mdl 64] Decoy} 29. Kxa3 Ra5+ 30. Kb2) 25... cxd5 26. Qxd5 {Threatening mate with Rg1.} Re8 27. Rg1 {[%csl Gg1][%cal Rf4g5]} Re2 28. Rg6+ {Accuracy: White = 26%, Black =  9%.} (28. Bg5# $142) 1-0

[Event "IMSA Blitz Women 2019"]
[Site "Hengshui"]
[Date "2019.05.18"]
[Round "9.2"]
[White "Ushenina, Anna"]
[Black "Zhao, Xue"]
[Result "1/2-1/2"]
[WhiteElo "2442"]
[BlackElo "2485"]
[Annotator "RC"]
[PlyCount "46"]
[EventDate "2019.05.17"]
[EventType "blitz"]
[EventCountry "CHN"]
[SourceTitle "playchess.com"]
[Source "ChessBase"]
[SourceQuality "1"]
[TimeControl "180+2"]

1. d4 {[%emt 0:00:00]} e6 {[%emt 0:00:00]} 2. Nf3 {[%emt 0:00:02]} Nf6 {[%emt 0:00:04]} 3. c4 {[%emt 0:00:04]} Bb4+ {[%emt 0:00:03]} 4. Nbd2 {[%emt 0:00:02]} d6 {[%emt 0:00:17]} 5. a3 {[%emt 0:00:03]} Bxd2+ {[%emt 0:00:02]} 6. Qxd2 {[%emt 0:00:01]} Nbd7 {[%emt 0:00:06]} 7. b4 {[%emt 0:00:08]} b6 {[%emt 0:00:01]} 8. Bb2 Bb7 9. e3 {[%emt 0:00:05]} O-O {[%emt 0:00:04]} 10. Be2 {[%emt 0:00:01]} Ne4 {[%emt 0:00:04]} 11. Qc2 {[%emt 0:00:01]} f5 {[%emt 0:00:01]} 12. O-O {[%emt 0:00:12]} Rf6 {[%emt 0:00:22]} 13. d5 {[%emt 0:00:02]} Rh6 {[%emt 0:00:11]} 14. dxe6 {[%emt 0:00:03]} Nf8 {[%emt 0:00:01]} 15. Ne1 {[%emt 0:00:53]} Qh4 {[%emt 0:00:10]} 16. Nf3 {[%emt 0:00:19]} Qh5 {[%emt 0:00:27]} 17. h3 {[%emt 0:00:01]} Ng5 {[%emt 0:00:41]} 18. Qc3 {[%emt 0:01:12]} Nfxe6 {[%emt 0:00:26]} 19. Nxg5 {[%emt 0:00:06]} Qxg5 {[%emt 0:00:01]} 20. f3 {[%emt 0:00:07]} Rxh3 {[%emt 0:00:01]} 21. Rf2 {[%emt 0:00:08]} Qg3 {[%emt 0:00:03]} 22. Qd3 {[%emt 0:00:04]} Qh2+ {[%emt 0:00:02]} 23. Kf1 {[%emt 0:00:01]} Qh1# {[%emt 0:00:01]} 1/2-1/2

[Event "IMSA Blitz Women 2019"]
[Site "Hengshui"]
[Date "2019.05.18"]
[Round "9.2"]
[White "Krush, Irina"]
[Black "Khotenashvili, Bela"]
[Result "1-0"]
[WhiteElo "2422"]
[BlackElo "2476"]
[Annotator "RC"]
[PlyCount "75"]
[EventDate "2019.05.17"]
[EventType "blitz"]
[EventCountry "CHN"]
[SourceTitle "playchess.com"]
[Source "ChessBase"]
[SourceQuality "1"]
[TimeControl "180+2"]

1. d4 {[%emt 0:00:00]} g6 {[%emt 0:00:00]} 2. c4 {[%emt 0:00:01]} Bg7 {[%emt 0:00:00]} 3. e4 {[%emt 0:00:01]} c5 {[%emt 0:00:00]} 4. d5 {[%emt 0:00:02]} d6 {[%emt 0:00:01]} 5. Nc3 {[%emt 0:00:01]} e6 {[%emt 0:00:01]} 6. Bd3 {[%emt 0:00:05]} Ne7 {[%emt 0:00:01]} 7. Nf3 {[%emt 0:00:05]} O-O {[%emt 0:00:01]} 8. O-O {[%emt 0:00:02]} h6 {[%emt 0:00:06]} 9. a3 {[%emt 0:00:14]} e5 {[%emt 0:00:26]} 10. b4 {[%emt 0:00:28]} Na6 {[%emt 0:00:01]} 11. Rb1 {[%emt 0:00:05]} f5 {[%emt 0:00:08]} 12. Ne1 {[%emt 0:00:10]} f4 {[%emt 0:00:06]} 13. Be2 {[%emt 0:00:01]} h5 {[%emt 0:00:01]} 14. Nd3 {[%emt 0:00:02]} b6 {[%emt 0:00:02]} 15. bxc5 {[%emt 0:00:05]} bxc5 {[%emt 0:00:16]} 16. f3 {[%emt 0:00:12]} g5 {[%emt 0:00:10]} 17. Nf2 {[%emt 0:00:00]} Nc7 {[%emt 0:00:02]} 18. Nb5 {[%emt 0:00:07]} Ne8 {[%emt 0:00:05]} 19. Bd2 {[%emt 0:00:04]} Ng6 {[%emt 0:00:07]} 20. Qa4 {[%emt 0:00:09]} Kh7 {[%emt 0:00:14]} 21. Qa5 {[%emt 0:00:03]} Qe7 {[%emt 0:00:06]} 22. Rb3 {[%emt 0:00:22]} Bf6 {[%emt 0:00:11]} 23. Rfb1 {[%emt 0:00:02]} Rg8 {[%emt 0:00:03]} 24. h3 {[%emt 0:00:00]} Nh4 {[%emt 0:00:05]} 25. Kf1 {[%emt 0:00:04]} Qd7 {[%emt 0:00:24]} 26. Nc3 {[%emt 0:00:06]} Bd8 {[%emt 0:00:11]} 27. Qb5 {[%emt 0:00:04]} Qc7 {[%emt 0:00:04]} 28. Qc6 {[%emt 0:00:03]} Qxc6 {[%emt 0:00:06]} 29. dxc6 {[%emt 0:00:01]} Be6 {[%emt 0:00:20]} 30. Nd5 {[%emt 0:00:27]} Rc8 {[%emt 0:00:15]} 31. Rb7+ {[%emt 0:00:02]} Kg6 {[%emt 0:00:07]} 32. Rxa7 {[%emt 0:00:11]} Rxc6 {[%emt 0:00:11]} 33. Rb8 {[%emt 0:00:01]} Bf6 {[%emt 0:00:05]} 34. Raa8 {[%emt 0:00:10]} Bf7 {[%emt 0:00:02]} 35. Bd1 {[%emt 0:00:01]} Nc7 {[%emt 0:00:04]} 36. Rxg8+ {[%emt 0:00:11]} Bxg8 {[%emt 0:00:01]} 37. Rxg8+ {[%emt 0:00:01]} Kf7 {[%emt 0:00:01]} 38. Rc8 {[%emt 0:00:06]} 1-0